000 00717nam a22002177a 4500
010 _aENG-112119
020 _a9780198089353
_c225.00
020 _a019808935X
_c225.00
035 _aEN-95651
037 _bDBAD/PUB
082 _a342.023
100 _aNaib, Sudhir
245 _aThe right to information in India /
_cby Sudhir Naib
260 _aNew Delhi
_bOxford University Press
_c2013
270 _aYMCA Library Building, 1, Jai Singh Road,
_bNew Delhi
_e110001
300 _axvi,236p.
_c22cm(pbk)
490 _aOxford India short introductions
500 _aIncludes bibliographical references and index
650 _a Freedom of information
_zIndia.
942 _2ddc
_cEN
_mNAI
_h342.023
999 _c91291
_d91291